Central Library OPAC University of Rajshahi

Sex in psychoanalysis : (Record no. 29903)

MARC details
000 -LEADER
fixed length control field 00873nam a22002652 4500
001 - CONTROL NUMBER
control field 29903
003 - CONTROL NUMBER IDENTIFIER
rucl marc code BD-RjUL
005 - DATE AND TIME OF LATEST TRANSACTION
control field 20211209051459.0
008 - FIXED-LENGTH DATA ELEMENTS--GENERAL INFORMATION
fixed length control field 140408s1950 nyu b 001 0 eng d
035 ## - SYSTEM CONTROL NUMBER
System control number (BD-RjUL)29988
-- OCLC ocm02834384 from D970825M
040 ## - CATALOGING SOURCE
Original cataloging agency DLC
Transcribing agency EYW
Modifying agency VET
-- EQO
-- BD-RjUL
Language of cataloging eng
041 1# - LANGUAGE CODE
Language code of text/sound track or separate title enggerhun
082 00 - DEWEY DECIMAL CLASSIFICATION NUMBER
Classification number 131.3462
Author mark and year FES 1950
100 1# - MAIN ENTRY--PERSONAL NAME
Personal name Ferenczi, Sándor,
Dates associated with a name 1873-1933.
9 (RLIN) 88856
245 10 - TITLE STATEMENT
Title Sex in psychoanalysis :
Remainder of title contributions to psychoanalysis /
Statement of responsibility, etc. Pref. by Ernest Jones.
260 ## - PUBLICATION, DISTRIBUTION, ETC. (IMPRINT)
Place of publication, distribution, etc. New York :
Name of publisher, distributor, etc. R. Brunner,
Date of publication, distribution, etc. 1950.
300 ## - PHYSICAL DESCRIPTION
Pagination 338 p. ;
Size 22 cm.
500 ## - GENERAL NOTE
General note "First published as Contributions to psychoanalysis."
504 ## - BIBLIOGRAPHY, ETC. NOTE
Bibliography, etc Includes bibliographical references and index.
650 #0 - SUBJECT ADDED ENTRY--TOPICAL TERM
Topical term or geographic name as entry element Psychoanalysis.
9 (RLIN) 90975
Topical term or geographic name as entry element Psychoanalysis
9 (RLIN) 90976
942 ## - ADDED ENTRY ELEMENTS (KOHA)
Source of classification or shelving scheme Dewey Decimal Classification
Koha item type Books
Holdings
Lost status Source of classification or shelving scheme Damaged status Not for loan Collection code Permanent Location Current Location Shelving location Date acquired Source of acquisition Cost, normal purchase price Total Checkouts Full call number Date last seen Copy number Koha item type
  Dewey Decimal Classification   Added to bundle Non-fiction Central Library, University of Rajshahi Central Library, University of Rajshahi Reading Room 10/03/1958 Mr. M.T. Rahman, Psy. Dept. 3.50   131.3462 FES 1950 08/04/2014 C-1 Books